Theoretical hydrodynamics /
Guardado en:
| Autor Principal: | |
|---|---|
| Formato: | Libro |
| Idioma: | English |
| Publicado: |
New York :
Macmillan,
c1968.
|
| Edición: | 5th ed. |
| Materias: | |
| Etiquetas: |
Agregar Etiqueta
Sin Etiquetas, Sea el primero en etiquetar este registro!
|
| LEADER | 00674cam a22002055a 4500 | ||
|---|---|---|---|
| 001 | EIQ.libpla000424 | ||
| 008 | 680301s1968####nyua#####b####001#0#eng#d | ||
| 005 | 20060516154115.0 | ||
| 245 | 1 | 0 | |a Theoretical hydrodynamics / |c L. M. Milne-Thomson. |
| 250 | |a 5th ed. | ||
| 260 | |a New York : |b Macmillan, |c c1968. | ||
| 300 | |a xxii, 743 p. : |b il. ; |c 24 cm. | ||
| 500 | |a Incluye referencias bibliográficas e índice. | ||
| 100 | 1 | |a Milne-Thomson, L. M. |q (Louis Melville), |d 1891- | |
| 082 | 0 | 0 | |a 532/.51 |
| 650 | 4 | |a Hidrodinámica |x Teoría. | |
| 650 | 4 | |a Hydrodynamics |x Theory. | |
| 010 | |a 68023842 | ||
| 040 | |a DLC |c DLC |d AR-BbSID | ||
| 859 | |a AR-BbSID |b BIB. PLAPIQUI |h 532.51 |i M 636 |p 298 | ||
